Оценка эколого-геохимического состояния природных вод центральной части Томь-Яйского водораздела; Экология России и сопредельных территорий. Экологический катализ

Detalhes bibliográficos
Parent link:Экология России и сопредельных территорий. Экологический катализ.— 2003.— С. 102-103
Autor principal: Плотникова Ю. В.
Outros Autores: Копылова Ю. Г. (научный руководитель)
Idioma:russo
Publicado em: 2003
Assuntos:
Formato: MixedMaterials Capítulo de Livro
KOHA link:https://koha.lib.tpu.ru/cgi-bin/koha/opac-detail.pl?biblionumber=147042

MARC

LEADER 00000naa2a2200000 4500
001 147042
005 20231031144902.0
035 |a (RuTPU)RU\TPU\book\159382 
090 |a 147042 
100 |a 20081107d2003 k y0rusy50 ca 
101 0 |a rus 
102 |a RU 
200 1 |a Оценка эколого-геохимического состояния природных вод центральной части Томь-Яйского водораздела  |f Ю. В. Плотникова  |g науч. рук. Ю. Г. Копылова 
463 0 |0 (RuTPU)RU\TPU\book\66746  |t Экология России и сопредельных территорий. Экологический катализ  |o Материалы VIII международной экологической студенческой конференции. МЭСК-2003, Новосибирск, 2003 г.  |f Новосибирский государственный университет  |v С. 102-103  |d 2003  |p 246 с. 
610 1 |a вода 
610 1 |a природные воды 
610 1 |a оценка 
610 1 |a геохимическое состояние 
610 1 |a загрязнение 
610 1 |a техногенное воздействие 
610 1 |a труды учёных ТПУ 
700 1 |a Плотникова  |b Ю. В. 
702 1 |a Копылова  |b Ю. Г.  |4 727 
801 1 |a RU  |b 63413507  |c 20081107  |g PSBO 
801 2 |a RU  |b 63413507  |c 20101102  |g RCR 
942 |c BK